00289nam a22001217a 4500008004100000020001800041100001600059245002400075250001200099260003600111300000800147546001200155230524b |||||||| |||| 00| 0 eng d a9789390727063 aN. D. Vohra aBusiness Statistics a2nd Ed. aChennaibMcGraw Hill Pub.c2022 a755 aEnglish